Kurs numerické matematiky IV. Stacionární problémy matematické fyziky-nelineární úlohy /

Salvato in:
Dettagli Bibliografici
Autore principale: Janovský, Vladimír (Autore)
Natura: Libro
Pubblicazione: Praha : Dům techniky, 1989
Tags: Aggiungi Tag
Nessun Tag, puoi essere il primo ad aggiungerne!!

MARC

LEADER 00000nam a22000003a 4500
001 stu47001
005 20150617225716.8
008 ------s1989----cs----------------------d
040 |a STU  |b slo 
041 0
044 |a cs 
080 |a 517.958 
100 1 |a Janovský, Vladimír  |4 aut 
245 1 |a Kurs numerické matematiky IV. Stacionární problémy matematické fyziky-nelineární úlohy /  |c [aut.] Janovský,Vladimír 
260 |a Praha :  |b Dům techniky,  |c 1989 
300 |a 110 s 
996 |b J85484  |c J*85484/K 10  |l JJK10  |s P  |a 0  |w stu47001_0001